000 00959nam0a22002651 4500
001 rc\3955814
005 20250611035051.0
021 _aRU
_b[55-47786]
035 _a(NLR Aleph) 008047404
090 _a8919790
_c8919790
100 _a20130415d1955 |||y0rusy50 ca
101 0 _arus
102 _aRU
105 _ay z |||||
200 1 _aВысокопродуктивная овцеферма
_e[Колхоз "Ударник" Островского района]
_fПсковская обл. с.-х. выставка 1955 г.
210 _aПсков
_cГаз. "Псковская правда"
_d1955
215 _a7 с.
_d14
300 _aАвт. указан на 3-й с.: Лукин, зоотехник
606 _aОвцы
_xУход и содержание
_yПсковская область
_2psbo
700 1 _aЛукин
801 0 _aRU
_bNLR
_gpsbo
801 1 _aRU
_bELAR
_2rusmarc
852 _aNLR
_jС90 Г-2/782
942 _cBOOK
980 _aNB